000 00830cam a22002532 4500
001 0000001337
005 20151217145724.0
008 070305s xx 000 0 eng d
020 _a0070474346 :
_cKES 735
040 _aKABU
_cKABU
050 0 _aHB172.5
_b.D67 2001
100 1 _aDornbusch, Rudiger.
_@0000149978
245 1 0 _aMacroeconomics /
_cRudiger Dornbusch, Stanley Fischer, Richard Startz.
250 _a8th ed.
260 _aNew Delhi :
_bTata McGraw-Hill,
_cc2001.
300 _axvii, 571 p. :
_bill. ;
_c24 cm.
504 _aIncludes bibliographical references and index.
650 0 _aMacroeconomics.
_@0000149933
700 1 _aFischer, Stanley.
_@0000149979
700 1 _aStartz, Richard,
_d1952-.
_@0000149980
908 _a070305
950 _@1
999 _c1903
_d1903